| 000 | 00877nam a2200217 i 4500 | ||
|---|---|---|---|
| 001 | 34843 | ||
| 003 | ES-MaACL | ||
| 005 | 20250923160852.0 | ||
| 007 | t| | ||
| 008 | 030211s1948 sp ||||1| spa d | ||
| 100 | 1 |
_aBonnet, Buenaventura. _9145248 |
|
| 245 | 1 | 3 |
_aLa Junta Suprema de Canarias / _cpor Buenaventura Bonnet y Reveron ; prólogo de Antonio Rumeu de Armas. |
| 260 |
_aLa Laguna de Tenerife : _b[s.n., _c1948] ( _eSanta Cruz de Tenerife : _fImp. Católica) |
||
| 300 |
_aCXLIII, 799 p., 8 lám. ; _c25 cm. |
||
| 500 | _aPrecede al tít.: Real Sociedad Económica de Amigos del País de Tenerife. | ||
| 700 | 1 |
_aRumeu de Armas, Antonio, _d1912-2006 _9100991 |
|
| 710 | 2 |
_aReal Sociedad Económica de Amigos del País de Tenerife _9170697 |
|
| 852 |
_aES-MaACL _jB-10708 _bR.28679 |
||
| 852 |
_aES-MaACL _j1929-F-10 _bR.30635 |
||
| 999 |
_c34843 _d34843 |
||